| 000 | 00656nam a2200253Ia 4500 | ||
|---|---|---|---|
| 008 | 170203s9999 xx 000 0 und d | ||
| 020 | _a0-439690455 | ||
| 050 | _aFic | ||
| 050 | _b.H221T 2005 | ||
| 100 | _aHamilton, Tisha | ||
| 245 | 4 | _aThe Little Red Sled / | |
| 245 | _cby Tisha Hamilton ; illustrated by Steve Haefele. | ||
| 260 | _aNew York : | ||
| 260 | _bScholastic Inc. | ||
| 260 | _c2005 | ||
| 300 | _bcolor illustrations ; | ||
| 300 | _c21 cm. | ||
| 650 | _a Sleds -- | ||
| 650 | _aPicture books -- | ||
| 650 | _aWinter -- | ||
| 650 | _xJuvenile fiction. | ||
| 650 | _xJuvenile fiction. | ||
| 650 | _xJuvenile fiction. | ||
| 999 |
_c306156 _d306156 |
||